| 000 | 00734nam a22001577a 4500 | ||
|---|---|---|---|
| 003 | OSt | ||
| 005 | 20151202135427.0 | ||
| 008 | 151202b xxu||||| |||| 00| 0 eng d | ||
| 040 | _cRUA | ||
| 082 | _aFIS SAO 2002 B173 Or.1 | ||
| 100 |
_94134 _aSAO, PHARA. |
||
| 245 | _aEffect of protein content rate in formulated feeds on trichogaster pectoralis fry nursing in hapas, ឥទ្ធពលនៃការប្រើប្រាស់ចំណីផ្សំដែលមានកំរិតប្រូតេអ៊ីនខុសៗគ្នាទៅលើកាតផ្សាំកូនត្រីកន្ធរក្នុងប៉ាហា | ||
| 260 |
_aPhnom Penh _bRUA _c2002 |
||
| 300 |
_a50p. _bill. _c29cm. |
||
| 942 |
_2ddc _cFIS |
||
| 999 |
_c3847 _d3847 |
||